000 00870nas a2200265 4500
001 BR0201299
003 BR-BrBNA
005 20231205102808.0
007 ta
008 230509b bl.|||p| |||| 00| 00por d
040 _aBR-BrBNA
_bpor
_cBiblioteca Nacional de Agricultura
041 _a(Pt)
072 _aF02
100 1 _aRezende, L. de P.
100 1 _aPereira, F.M.
245 1 _aProdução de mudas de videira "Rubi" pelo método de enxertia de mesa em estacas herbáceas dos porta-enxertos IAC 313 "Tropical" e IAC 766 "Campinas"
650 _aUVA
650 _aGARFAGEM
650 _aBORBULHIA
650 _aPROPAGAÇÃO VEGETATIVA
650 _aPORTA ENXERTO
773 0 _tRevista Brasileira de Fruticultura (Brazil)
_xISSN 0100-2945
_g(Dec 2001), v. 23(3) p. 662-667
_wBR0201299
909 _a202311
_bLúcia
_c55
_dLúcia Elande
942 _2AGRIS
_n0
_cANA
999 _c169367
_d169367